000 00297nam a22001337a 4500
008 171012b xxu||||| |||| 00| 0 eng d
020 _a0826405134
041 _aeng
080 _a316
100 _a50
101 _aSOC
245 _aTHE SEXUAL POLITICS OF MEAT
_cADAMS.C.J
942 _2udc
_cBK
999 _c33522
_d33522